| 000 | 00563nam a22001457a 4500 | ||
|---|---|---|---|
| 082 | _aMSEE-06 MEM | ||
| 100 | _aMemoona Farooq | ||
| 245 | _aSubstrate integrated waveguide based leaky-wave antenna for narrow-beam applicaion | ||
| 260 |
_aIslamabad _bNUST-SEECS _c2017 |
||
| 300 |
_a41p. _eCD Includes |
||
| 856 | _uhttp://10.250.8.41:8080/xmlui/handle/123456789/27922 | ||
| 942 |
_2ddc _cTHE |
||
| 999 |
_c332379 _d332379 |
||